Statistics for Ryan Gosling Filmography

Click here to take the quiz!

General Stats

  • This quiz has been taken 260 times
    (58 since last reset)
  • The average score is 14 of 54

Answer Stats

TypeYearName% Correct
Film2023Barbie
98%
Film2016La La Land
85%
Film2011Drive
79%
Film2011Crazy, Stupid, Love
73%
Film2004The Notebook
69%
Film2017Blade Runner 2049
67%
Film2016The Nice Guys
62%
Film2024The Fall Guy
56%
Film2012The Place Beyond the Pines
48%
Film2010Blue Valentine
46%
Film2018First Man
46%
Film2022The Gray Man
46%
Film2015The Big Short
42%
TV Show2015, 2017Saturday Night Live
40%
Film2013Gangster Squad
37%
Film2007Lars and the Real Girl
37%
Film2000Remember the Titans
35%
Film2006Half Nelson
33%
Film2002Murder by Numbers
31%
Film2011The Ides of March
31%
Film2013Only God Forgives
29%
TV Show1993, 1995The Mickey Mouse Club
29%
Film2007Fracture
25%
Music Video2023I'm Just Ken
25%
Film2005Stay
19%
Film2001The Believer
19%
Film2017Song to Song
17%
TV Show1998-1999Young Hercules
15%
TV Show1998Hercules: The Legendary Journeys
13%
Director2014Lost River
13%
TV Show1995Are You Afraid of the Dark?
12%
TV Show1997-1998Breaker High
12%
TV Show1996Goosebumps
12%
Film2003The United States of Leland
12%
Film2002The Slaughter Rule
10%
Film1996Frankenstein and Me
8%
TV Show1996Ready or Not
8%
TV Pilot1999The Unbelievables
8%
TV Show2011Drunk History
6%
TV Show1996Flash Forward
6%
TV Documentary2005I'm Still Here: Real Diaries of Young People Who Lived During the Holocaust
6%
TV Show1996Kung Fu: The Legend Continues
6%
TV Film2019My Favorite Shapes by Julio Torres
6%
TV Film1998Nothing Too Good for a Cowboy
6%
FilmTBAProject Hail Mary
6%
TV Show1996Psi Factor: Chronicles of the Paranormal
6%
Documentary2010ReGeneration
6%
TV Show1996Road to Avonlea
6%
TV Show1997The Adventures of Shirley Holmes
6%
Short Film2023The Chase for Carrera
6%
TV Show2012Celebrity Style Story
4%
Short Film2011Quiet Ryan
4%
Short Film2011Touch of Evil
4%
Short Film2011Drunk History Christmas
2%

Score Distribution

Percentile by Number Answered

Percent of People with Each Score

Your Score History

You have not taken this quiz since the last reset